Direct Flights from Singapore - Statistics

General Stats
  • This quiz has been taken 188 times
  • The average score is 39 of 43
Answers on the Map
Answers color-coded by a green-red scale on the quiz's map according to % correct below.
 
Answer Stats
Hint Hint Country % Correct
683.0 342.0 Australia
99%
615.0 140.9 China
99%
556 185.9 India
99%
143 66 Canada
98%
635.5 264 Indonesia
98%
610.3 247.2 Malaysia
98%
669 139 South Korea
98%
377 86 United Kingdom
98%
153 129 United States
98%
386 105 France
97%
404.0 89.9 Germany
97%
416.4 124.2 Italy
97%
693.3 140.0 Japan
97%
657 220.6 Philippines
97%
372 127.5 Spain
97%
608.0 207.9 Thailand
97%
460.3 130.6 Turkey
97%
624.3 219.9 Vietnam
97%
610.3 194.9 Laos
96%
776.7 391.9 New Zealand
96%
616.0 219.1 Cambodia
95%
597.0 188.5 Myanmar
95%
569.8 166.5 Nepal
95%
652.9 182.1 Taiwan
95%
583.0 181.8 Bangladesh
94%
502.0 182.5 United Arab Emirates
94%
482.1 179.9 Saudi Arabia
93%
562 235.3 Sri Lanka
93%
495.7 176.2 Qatar
91%
393 86.9 Netherlands
90%
431 365 South Africa
90%
430 129 Greece
89%
703.7 282.4 Papua New Guinea
89%
398.4 103.5 Switzerland
88%
391.0 91.0 Belgium
86%
545.9 248.9 Maldives
84%
401.5 73.5 Denmark
80%
782.9 320.1 Fiji
78%
638.6 246.1 Brunei
76%
437 52 Finland
75%
664.3 290.8 East Timor
74%
494.3 174.0 Bahrain
72%
470.0 234.2 Ethiopia
64%
No matching quizzes found
Score Distribution
Percent of People with Each Score
Percentile by Number Answered
Your Score History
You have not taken this quiz